[Event "LXIV C.to Italiano"]
[Site "Montecatini Terme ITA"]
[Date "2005.01.29"]
[Round "1"]
[White "Cocchi, Andrea"]
[Black "Di Caro, Calogero"]
[Result "0-1"]
[WhiteElo "2290"]
[BlackElo "2397"]
[PlyCount "54"]
[EventDate "2005.01.29"]

1. Nf3 Nf6 2. d4 e6 3. Bf4 c5 4. e3 Qb6 5. Qc1 d5 6. Nbd2 Nc6 7. c3 Bd7 8. Be2
Nh5 9. Be5 cxd4 10. exd4 f6 11. Bg3 Nxg3 12. hxg3 e5 13. dxe5 fxe5 14. Qc2
O-O-O 15. Ng5 Be7 16. Nf7 Rdf8 17. Nxh8 Qxf2+ 18. Kd1 Rxh8 19. Qd3 Be6 20. Qf3
Qb6 21. Kc1 e4 22. Qh5 g6 23. Qh6 Qf2 24. Bb5 e3 25. Nf3 Bf5 26. Ba4 Ne5 27.
Rd1 Nc4 0-1

[Event "LXIV C.to Italiano"]
[Site "Montecatini Terme ITA"]
[Date "2005.01.29"]
[Round "1"]
[White "Vezzosi, Paolo"]
[Black "Piscopo, Pierluigi"]
[Result "1-0"]
[WhiteElo "2366"]
[BlackElo "2344"]
[PlyCount "81"]
[EventDate "2005.01.29"]

1. d4 Nf6 2. Bg5 e6 3. e4 h6 4. Bxf6 Qxf6 5. Nf3 Nc6 6. Bc4 g5 7. Nc3 Bg7 8. d5
Ne5 9. Nxe5 Qxe5 10. O-O a6 11. a4 h5 12. Qe2 b6 13. Rad1 h4 14. Kh1 Bf8 15.
Rd3 Bb7 16. Rh3 Bb4 17. Qg4 O-O-O 18. f4 gxf4 19. Qxf4 Qd4 20. Bb3 Rdg8 21.
Rxh4 Bd6 22. e5 Qxe5 23. Qxe5 Bxe5 24. Rxh8 Rxh8 25. h3 c6 26. Rxf7 cxd5 27.
Kg1 Kd8 28. Nd1 Ke8 29. Rf3 d4 30. Rf2 Rg8 31. Bc4 Bg3 32. Rd2 d5 33. Bb3 e5
34. c3 Bf4 35. Rd3 dxc3 36. Nxc3 e4 37. Rd1 Rg3 38. Bxd5 Bxd5 39. Rxd5 Re3 40.
Kf2 Ke7 41. Rf5 1-0

[Event "LXIV C.to Italiano"]
[Site "Montecatini Terme ITA"]
[Date "2005.01.30"]
[Round "2"]
[White "Cocchi, Andrea"]
[Black "Bruno, Fabio"]
[Result "1/2-1/2"]
[WhiteElo "2290"]
[BlackElo "2379"]
[PlyCount "40"]
[EventDate "2005.01.29"]

1. c4 c5 2. Nc3 Nc6 3. Nf3 g6 4. e3 Nf6 5. d4 d5 6. dxc5 dxc4 7. Qxd8+ Nxd8 8.
Bxc4 Ne6 9. Nd4 Nxc5 10. b4 Na6 11. a3 Bg7 12. Bb2 O-O 13. O-O Bd7 14. Nd5 e6
15. Nxf6+ Bxf6 16. Rac1 Rac8 17. Bb3 Rxc1 18. Rxc1 Rc8 19. Rxc8+ Bxc8 20. Bc3
Nc7 1/2-1/2

[Event "LXIV C.to Italiano"]
[Site "Montecatini Terme ITA"]
[Date "2005.01.30"]
[Round "2"]
[White "Di Caro, Calogero"]
[Black "Buchicchio, Giampaolo"]
[Result "0-1"]
[WhiteElo "2397"]
[BlackElo "2288"]
[PlyCount "76"]
[EventDate "2005.01.29"]

1. d4 d5 2. c4 c6 3. Nf3 Nf6 4. Nc3 a6 5. e3 b5 6. c5 g6 7. Bd2 a5 8. Ne5 Nfd7
9. f4 f6 10. Nf3 e5 11. f5 Bg7 12. g3 Nf8 13. Bh3 e4 14. Ng1 h5 15. fxg6 Nxg6
16. a4 b4 17. Nce2 Bg4 18. Qc2 Na6 19. O-O-O b3 20. Qxb3 Rb8 21. Qc2 Bh6 22. b3
Nb4 23. Bxb4 Rxb4 24. Qc3 Qd7 25. Bxg4 Qxg4 26. Kd2 h4 27. h3 Qf5 28. Rh2 hxg3
29. Nxg3 Qg5 30. N3e2 Nh4 31. Rf2 Ke7 32. Nf4 Rhb8 33. Rb1 Qg3 34. Ke2 Rxa4 35.
Ra1 Rxa1 36. Qxa1 Rxb3 37. Kf1 Bxf4 38. exf4 Qd3+ 0-1

[Event "LXIV C.to Italiano"]
[Site "Montecatini Terme ITA"]
[Date "2005.01.30"]
[Round "2"]
[White "Piscopo, Pierluigi"]
[Black "Contin, Daniel"]
[Result "1-0"]
[WhiteElo "2344"]
[BlackElo "2371"]
[PlyCount "73"]
[EventDate "2005.01.29"]

1. e4 e6 2. d4 d5 3. Nc3 Bb4 4. e5 c5 5. a3 Bxc3+ 6. bxc3 Ne7 7. Qg4 Kf8 8. Qd1
Qa5 9. Bd2 Qa4 10. Nf3 b6 11. Bd3 Ba6 12. dxc5 bxc5 13. O-O Nd7 14. Be3 h6 15.
Rb1 Nc6 16. Bxa6 Qxa6 17. Qd3 c4 18. Qe2 Ke7 19. Nd4 Nxd4 20. Bxd4 Rhb8 21.
Rbe1 Rb2 22. Qg4 Kf8 23. Qh3 Qxa3 24. f4 Kg8 25. f5 Re8 26. f6 g6 27. Ra1 Qf8
28. Rxa7 Nb8 29. Rc7 Na6 30. Ra7 Nc5 31. Be3 h5 32. g4 Ne4 33. Qh4 Rxc2 34. Kh1
Ra8 35. gxh5 Rxa7 36. hxg6 Raa2 37. Qh7# 1-0

[Event "LXIV C.to Italiano"]
[Site "Montecatini Terme ITA"]
[Date "2005.01.30"]
[Round "2"]
[White "Rossi, Carlo"]
[Black "Vezzosi, Paolo"]
[Result "1/2-1/2"]
[WhiteElo "2367"]
[BlackElo "2366"]
[PlyCount "105"]
[EventDate "2005.01.29"]

1. e4 c5 2. Nf3 Nc6 3. Bb5 g6 4. O-O Bg7 5. Re1 Nf6 6. c3 a6 7. Bf1 O-O 8. d4
cxd4 9. cxd4 d5 10. e5 Ne4 11. Nc3 Bg4 12. h3 Bxf3 13. gxf3 Nxc3 14. bxc3 e6
15. a4 Rc8 16. Rb1 Na5 17. Bd2 Rc6 18. f4 Qe7 19. Qf3 Rd8 20. h4 h5 21. Qg3 Nc4
22. Bc1 Nb6 23. Qg5 Re8 24. a5 Nc4 25. Bg2 Qd7 26. Ra1 Qd8 27. Bf3 Qxg5+ 28.
hxg5 Rd8 29. Kg2 Rd7 30. Re2 Bf8 31. Rea2 Be7 32. Bd1 Rc8 33. Ba4 Rdc7 34. Bb3
Bd8 35. Bxc4 Rxc4 36. Bd2 Kf8 37. Rb1 Rb8 38. Rb3 Ke8 39. Bc1 Kd7 40. Ba3 Bxa5
41. Bc5 Rxc3 42. Rb1 Bc7 43. Ba7 Ra8 44. Rxb7 Kc8 45. Rab2 a5 46. Bc5 Ra6 47.
Bd6 a4 48. Bxc7 Rxc7 49. Rb8+ Kd7 50. Rf8 a3 51. Rbb8 Kc6 52. Rfd8 Rd7 53.
Rdc8+ 1/2-1/2

[Event "LXIV C.to Italiano"]
[Site "Montecatini Terme ITA"]
[Date "2005.01.30"]
[Round "2"]
[White "Sabia, Corrado"]
[Black "Cacco, Christian"]
[Result "0-1"]
[WhiteElo "2173"]
[BlackElo "2282"]
[PlyCount "116"]
[EventDate "2005.01.29"]

1. e4 g6 2. d4 Bg7 3. Nc3 d6 4. Be3 a6 5. Qd2 Nd7 6. Nf3 e6 7. Bd3 h6 8. h3 b6
9. O-O Bb7 10. a4 Ne7 11. Ne2 c5 12. c3 Qc7 13. Nh2 Nf6 14. Ng3 h5 15. f3 Nc6
16. Ne2 Na5 17. Rae1 Nd7 18. f4 Nf6 19. f5 gxf5 20. exf5 e5 21. Bg5 O-O-O 22.
Ng3 exd4 23. Ne4 Bxe4 24. Bxe4 Rde8 25. Bf3 Kb8 26. Rxe8+ Rxe8 27. Re1 dxc3 28.
Rxe8+ Nxe8 29. bxc3 Qd7 30. Qd5 Nc7 31. Qd3 c4 32. Qe3 Ka7 33. f6 Bf8 34. Bxh5
d5 35. Qg3 Bd6 36. Bf4 Bc5+ 37. Be3 d4 38. cxd4 Bxd4 39. Qf2 Bxe3 40. Qxe3 Nd5
41. Qf2 Qe6 42. Nf3 Qxf6 43. Nd4 Nf4 44. Bg4 Nb3 45. Nc2 Nd5 46. Qe2 Qf4 47.
Bf3 Nd4 48. Nxd4 Qxd4+ 49. Qf2 Ne3 50. Be2 b5 51. axb5 axb5 52. Qxf7+ Kb6 53.
Kh2 Qe5+ 54. Kh1 Nf5 55. Bxc4 Qe1+ 56. Kh2 Qg3+ 57. Kh1 Nd6 58. Qg8 Qe1+ 0-1

[Event "LXIV C.to Italiano"]
[Site "Montecatini Terme ITA"]
[Date "2005.01.31"]
[Round "3"]
[White "Bruno, Fabio"]
[Black "Di Caro, Calogero"]
[Result "1-0"]
[WhiteElo "2379"]
[BlackElo "2397"]
[PlyCount "59"]
[EventDate "2005.01.29"]

1. c4 Nf6 2. Nc3 e5 3. e3 Bb4 4. Nge2 O-O 5. a3 Bxc3 6. Nxc3 d5 7. cxd5 Nxd5 8.
Qc2 Nc6 9. Bd3 Kh8 10. Nxd5 Qxd5 11. Be4 Qd6 12. b4 f5 13. Bf3 a6 14. Bb2 Bd7
15. Rc1 Rae8 16. Qc5 Qg6 17. h4 h6 18. h5 Qg5 19. g3 Qd8 20. Be2 Be6 21. f4 Bd5
22. Rf1 Rf7 23. a4 exf4 24. Rxf4 Ne5 25. e4 Rfe7 26. Rxf5 b6 27. Qd4 c5 28.
bxc5 bxc5 29. Rxc5 Nf3+ 30. Rxf3 1-0

[Event "LXIV C.to Italiano"]
[Site "Montecatini Terme ITA"]
[Date "2005.01.31"]
[Round "3"]
[White "Buchicchio, Giampaolo"]
[Black "Sabia, Corrado"]
[Result "1-0"]
[WhiteElo "2288"]
[BlackElo "2173"]
[PlyCount "63"]
[EventDate "2005.01.29"]

1. e4 c5 2. c3 Nf6 3. e5 Nd5 4. d4 cxd4 5. Nf3 e6 6. cxd4 d6 7. Bc4 Nc6 8. O-O
Be7 9. Qe2 O-O 10. Nc3 Nxc3 11. bxc3 dxe5 12. dxe5 Qa5 13. Bd3 Qxc3 14. Bd2 Qa3
15. Rfb1 g6 16. Kh1 Rd8 17. Rb3 Qc5 18. Rc1 Nd4 19. Rxc5 Nxe2 20. Rc7 Nd4 21.
Nxd4 Rxd4 22. Rxe7 Bd7 23. h3 Ba4 24. Be3 Bxb3 25. Bxd4 Bxa2 26. Bb5 Bd5 27.
Bc5 b6 28. Bd6 a5 29. Be8 a4 30. Bxf7+ Kh8 31. Re8+ Rxe8 32. Bxe8 1-0

[Event "LXIV C.to Italiano"]
[Site "Montecatini Terme ITA"]
[Date "2005.01.31"]
[Round "3"]
[White "Cacco, Christian"]
[Black "Piscopo, Pierluigi"]
[Result "1/2-1/2"]
[WhiteElo "2282"]
[BlackElo "2344"]
[PlyCount "47"]
[EventDate "2005.01.29"]

1. d4 Nf6 2. Nf3 e6 3. Bg5 h6 4. Bh4 c5 5. e3 b6 6. Nbd2 Bb7 7. c3 Be7 8. a3
O-O 9. Bd3 d6 10. O-O Nbd7 11. b4 cxd4 12. cxd4 Nd5 13. Bg3 f5 14. Qb3 N7f6 15.
e4 fxe4 16. Nxe4 Nxe4 17. Bxe4 Qd7 18. Qd3 Rac8 19. Rac1 Rxc1 20. Rxc1 Rc8 21.
Rc2 Rxc2 22. Qxc2 Qc6 23. Nd2 Qxc2 24. Bxc2 1/2-1/2

[Event "LXIV C.to Italiano"]
[Site "Montecatini Terme ITA"]
[Date "2005.01.31"]
[Round "3"]
[White "Contin, Daniel"]
[Black "Rossi, Carlo"]
[Result "1/2-1/2"]
[WhiteElo "2371"]
[BlackElo "2367"]
[PlyCount "31"]
[EventDate "2005.01.29"]

1. c4 b6 2. Nc3 Bb7 3. e4 e6 4. Nf3 Bb4 5. Qe2 Ne7 6. g3 f5 7. e5 Nbc6 8. Rg1
Bc5 9. d3 Ng6 10. h4 Nb4 11. Ng5 h6 12. Qh5 hxg5 13. Qxg6+ Kf8 14. Bxg5 Qe8 15.
Qxe8+ Rxe8 16. Rc1 1/2-1/2

[Event "LXIV C.to Italiano"]
[Site "Montecatini Terme ITA"]
[Date "2005.01.31"]
[Round "3"]
[White "Vezzosi, Paolo"]
[Black "Cocchi, Andrea"]
[Result "1/2-1/2"]
[WhiteElo "2366"]
[BlackElo "2290"]
[PlyCount "102"]
[EventDate "2005.01.29"]

1. c4 c5 2. g3 Nc6 3. Bg2 g6 4. Nc3 Bg7 5. Nf3 Nf6 6. O-O O-O 7. d3 d6 8. Bd2
Rb8 9. Rb1 a6 10. a3 b5 11. cxb5 axb5 12. b4 cxb4 13. axb4 Bf5 14. Nh4 Bd7 15.
e3 Qb6 16. Qe2 Rfc8 17. Rfc1 e6 18. Bf1 Ne7 19. Nf3 Nfd5 20. Nxd5 Nxd5 21. Qe1
Qb7 22. e4 Nb6 23. Be3 Na4 24. Bd4 e5 25. Ba1 Rxc1 26. Rxc1 Rc8 27. Qd2 h6 28.
Bg2 Be6 29. Rxc8+ Qxc8 30. d4 Qc7 31. d5 Bg4 32. Ne1 Nb6 33. Bf1 Bd7 34. Nc2
Qa7 35. Qe3 Bf8 36. Bd3 Qa6 37. f4 f6 38. Qf3 Be7 39. f5 Be8 40. fxg6 Nc4 41.
Qg4 Qa7+ 42. Kf1 Qxa1+ 43. Nxa1 Ne3+ 44. Ke2 Nxg4 45. h3 f5 46. hxg4 fxg4 47.
Nc2 Bg5 48. Na3 Bc1 49. Nxb5 Bxb5 50. Bxb5 Ba3 51. Bd7 Bxb4 1/2-1/2

[Event "LXIV C.to Italiano"]
[Site "Montecatini Terme ITA"]
[Date "2005.02.01"]
[Round "4"]
[White "Bruno, Fabio"]
[Black "Vezzosi, Paolo"]
[Result "1-0"]
[WhiteElo "2379"]
[BlackElo "2366"]
[PlyCount "79"]
[EventDate "2005.01.29"]

1. Nf3 d5 2. d4 Nf6 3. Bf4 c6 4. e3 Bf5 5. c4 Qb6 6. Qb3 Qxb3 7. axb3 Nbd7 8.
Nc3 e6 9. c5 a6 10. b4 Rc8 11. h3 h6 12. Nd2 Be7 13. Nb3 Bd8 14. Bd6 Ne4 15.
Nxe4 Bxe4 16. f3 Bg6 17. Na5 Bxa5 18. bxa5 Nf6 19. Ra3 Rd8 20. Rb3 Rd7 21. Kd2
Ng8 22. Be2 Ne7 23. Ra1 Nc8 24. Bb8 f6 25. Ra4 O-O 26. Rab4 Rff7 27. Kc3 Rfe7
28. g4 Bb1 29. Kd2 g5 30. h4 e5 31. hxg5 hxg5 32. dxe5 fxe5 33. f4 exf4 34.
exf4 gxf4 35. Rxf4 Be4 36. g5 Re8 37. Bh5 Red8 38. Bg4 Re7 39. Rf6 d4 40. Be6+
1-0

[Event "LXIV C.to Italiano"]
[Site "Montecatini Terme ITA"]
[Date "2005.02.01"]
[Round "4"]
[White "Cocchi, Andrea"]
[Black "Contin, Daniel"]
[Result "1-0"]
[WhiteElo "2290"]
[BlackElo "2371"]
[PlyCount "39"]
[EventDate "2005.01.29"]

1. Nf3 c5 2. e4 g6 3. Bc4 Bg7 4. O-O e6 5. d4 b5 6. Bxb5 Qb6 7. Na3 cxd4 8. Nc4
Qc7 9. b3 Na6 10. Ba3 Nc5 11. e5 a6 12. Nd6+ Kf8 13. Qxd4 axb5 14. Bxc5 Ne7 15.
Qf4 Nf5 16. Nxf5+ Qxc5 17. Nd6 Qxd6 18. exd6 Bxa1 19. Rxa1 Kg7 20. Qe5+ 1-0

[Event "LXIV C.to Italiano"]
[Site "Montecatini Terme ITA"]
[Date "2005.02.01"]
[Round "4"]
[White "Piscopo, Pierluigi"]
[Black "Buchicchio, Giampaolo"]
[Result "1/2-1/2"]
[WhiteElo "2344"]
[BlackElo "2288"]
[PlyCount "81"]
[EventDate "2005.01.29"]

1. d4 d5 2. Nc3 Bf5 3. f3 Nf6 4. Bg5 Nbd7 5. Nxd5 Nxd5 6. e4 f6 7. Bd2 Be6 8.
exd5 Bxd5 9. Qe2 Nb6 10. Nh3 Bf7 11. Be3 e6 12. O-O-O Qd7 13. Kb1 O-O-O 14. Nf2
Nd5 15. Bc1 Kb8 16. Qb5 c6 17. Qb3 Ka8 18. g3 Qc8 19. Bh3 c5 20. c4 Nc7 21. d5
Qb8 22. Bf4 e5 23. Be3 b5 24. f4 bxc4 25. Qxc4 Bxd5 26. Rxd5 Rxd5 27. Bg2 Qb7
28. fxe5 fxe5 29. Be4 Be7 30. Nd3 Kb8 31. Rc1 Rhd8 32. Bxd5 Qxd5 33. Nxc5 Qxc4
34. Rxc4 Rd1+ 35. Kc2 Rh1 36. Nd7+ Kc8 37. Nxe5 Rxh2+ 38. Kc1 Kb7 39. Bxa7 Bg5+
40. Kd1 Rxb2 41. Nf7 1/2-1/2

[Event "LXIV C.to Italiano"]
[Site "Montecatini Terme ITA"]
[Date "2005.02.01"]
[Round "4"]
[White "Rossi, Carlo"]
[Black "Cacco, Christian"]
[Result "1/2-1/2"]
[WhiteElo "2367"]
[BlackElo "2282"]
[PlyCount "20"]
[EventDate "2005.01.29"]

1. c4 e5 2. Nc3 Nc6 3. g3 Nf6 4. Bg2 Bc5 5. e3 d6 6. Nge2 a6 7. O-O Ba7 8. b3
Be6 9. Bb2 O-O 10. d3 d5 1/2-1/2

[Event "LXIV C.to Italiano"]
[Site "Montecatini Terme ITA"]
[Date "2005.02.02"]
[Round "5"]
[White "Buchicchio, Giampaolo"]
[Black "Rossi, Carlo"]
[Result "0-1"]
[WhiteElo "2288"]
[BlackElo "2367"]
[PlyCount "74"]
[EventDate "2005.01.29"]

1. e4 c6 2. Nc3 d5 3. Nf3 dxe4 4. Nxe4 Nf6 5. Nxf6+ gxf6 6. d4 Bg4 7. Be2 Qc7
8. O-O e6 9. h3 h5 10. c4 Nd7 11. Qa4 Bd6 12. Re1 Bf5 13. Nh4 Be4 14. Bf3 Bd3
15. Qb3 Bh7 16. Bxh5 O-O-O 17. Bxf7 Bg8 18. Bxg8 Rdxg8 19. Nf3 Rxh3 20. c5 Nf8
21. cxd6 Qg7 22. d7+ Nxd7 23. Bg5 Rhh8 24. Rxe6 fxg5 25. Qe3 g4 26. Nh2 g3 27.
Qxg3 Qxd4 28. Qd6 Qg7 29. g4 Rxh2 30. f3 Rgh8 31. Re8+ Rxe8 32. Qxh2 Rh8 33.
Qg2 Qd4+ 34. Kf1 Qd3+ 35. Kf2 Ne5 36. Rh1 Rf8 37. Rh3 Qd4+ 0-1

[Event "LXIV C.to Italiano"]
[Site "Montecatini Terme ITA"]
[Date "2005.02.02"]
[Round "5"]
[White "Cacco, Christian"]
[Black "Cocchi, Andrea"]
[Result "1-0"]
[WhiteElo "2282"]
[BlackElo "2290"]
[PlyCount "93"]
[EventDate "2005.01.29"]

1. d4 Nf6 2. c4 d6 3. Nc3 g6 4. e4 Bg7 5. Be2 O-O 6. h4 c5 7. d5 b5 8. cxb5 a6
9. bxa6 Bxa6 10. h5 Bxe2 11. Ngxe2 Nxh5 12. g4 Nf6 13. Ng3 Re8 14. Bh6 Bh8 15.
Rc1 e6 16. Kf1 exd5 17. exd5 Na6 18. a3 Rb8 19. Rc2 Nc7 20. Qf3 Nd7 21. Nge4 f6
22. Bf4 Ne5 23. Qh3 h5 24. gxh5 g5 25. Bxe5 Rxe5 26. f4 gxf4 27. Rg2+ Kf7 28.
Qg4 Ke7 29. Qg6 Kd7 30. Rh4 f3 31. Rf2 Qe7 32. Rf4 Nxd5 33. Nxd5 Rxd5 34. R4xf3
Kc6 35. Nxf6 Rd1+ 36. Kg2 Bxf6 37. Rxf6 Qe5 38. Qg4 Rd3 39. R6f5 Qe7 40. Rf7
Qe8 41. Qa4+ Rb5 42. Rf8 Qe3 43. Rc8+ Kd5 44. Rf5+ Ke6 45. Re8+ Kxf5 46. Rxe3
Rxb2+ 47. Kf3 1-0

[Event "LXIV C.to Italiano"]
[Site "Montecatini Terme ITA"]
[Date "2005.02.02"]
[Round "5"]
[White "Sabia, Corrado"]
[Black "Piscopo, Pierluigi"]
[Result "0-1"]
[WhiteElo "2173"]
[BlackElo "2344"]
[PlyCount "96"]
[EventDate "2005.01.29"]

1. e4 c5 2. Nf3 e6 3. d4 cxd4 4. Nxd4 Nc6 5. Nc3 Nf6 6. Ndb5 d6 7. Bf4 e5 8.
Nd5 Nxd5 9. exd5 exf4 10. dxc6 bxc6 11. Qf3 d5 12. O-O-O a6 13. Nd4 Bd7 14. Bd3
Bd6 15. Rhe1+ Kf8 16. Bf5 Rb8 17. Bxd7 Qxd7 18. Qc3 c5 19. Nf3 Qb7 20. Qb3 Qxb3
21. axb3 d4 22. Ne5 Rb7 23. c3 g6 24. cxd4 f3 25. dxc5 Bxe5 26. Rxe5 fxg2 27.
Re3 Kg7 28. Rg1 Rc8 29. Rc3 Rb5 30. Rxg2 Rcxc5 31. Rgg3 Rxc3+ 32. Rxc3 Rf5 33.
f3 Rg5 34. h4 Rf5 35. Kd2 Rf4 36. Ke3 Rxh4 37. Rc6 Rb4 38. Rc3 Kf6 39. Rc6+ Kf5
40. Rc5+ Kf6 41. Rc3 h5 42. Kf2 Kg5 43. Kg3 f5 44. Kh3 Rb5 45. Kg3 h4+ 46. Kh3
Kh5 47. Rc4 Rxb3 48. Rxh4+ Kg5 0-1

[Event "LXIV C.to Italiano"]
[Site "Montecatini Terme ITA"]
[Date "2005.02.02"]
[Round "5"]
[White "Vezzosi, Paolo"]
[Black "Di Caro, Calogero"]
[Result "1-0"]
[WhiteElo "2366"]
[BlackElo "2397"]
[PlyCount "79"]
[EventDate "2005.01.29"]

1. e4 e6 2. d4 d5 3. Nc3 Bb4 4. exd5 exd5 5. Bd3 Nc6 6. a3 Bxc3+ 7. bxc3 Nge7
8. Qh5 Be6 9. Rb1 b6 10. Nf3 Qd7 11. Ng5 O-O-O 12. Nxe6 Qxe6+ 13. Be3 g6 14.
Qf3 Nf5 15. O-O Nxe3 16. Rfe1 f5 17. Rxe3 Qd6 18. a4 Rhe8 19. Rbe1 Rxe3 20.
Qxe3 Kb7 21. h4 Qa3 22. Bb5 a6 23. Bxc6+ Kxc6 24. h5 gxh5 25. Qd3 Kb7 26. Re5
Qxa4 27. Rxf5 Qa1+ 28. Kh2 a5 29. Rf7 a4 30. c4 a3 31. cxd5 a2 32. Qc4 Rc8 33.
d6 Qb1 34. Rxc7+ Rxc7 35. Qxc7+ Ka6 36. Qc4+ b5 37. Qc6+ Ka7 38. d7 Qc1 39.
Qc7+ Ka6 40. d8=Q 1-0

[Event "LXIV C.to Italiano"]
[Site "Montecatini Terme ITA"]
[Date "2005.02.03"]
[Round "6"]
[White "Bruno, Fabio"]
[Black "Cacco, Christian"]
[Result "1-0"]
[WhiteElo "2379"]
[BlackElo "2282"]
[PlyCount "137"]
[EventDate "2005.01.29"]

1. c4 g6 2. Nc3 Bg7 3. g3 e5 4. Bg2 Nc6 5. Rb1 a5 6. a3 Nh6 7. e3 Nf5 8. Nge2
d6 9. d3 h5 10. b4 axb4 11. axb4 h4 12. b5 Nce7 13. Qb3 Rb8 14. Qa4 Bd7 15. Qa7
Qc8 16. Bd2 O-O 17. O-O c6 18. bxc6 bxc6 19. Rxb8 Qxb8 20. Ra1 Qxa7 21. Rxa7
Rd8 22. Bh3 hxg3 23. hxg3 Be6 24. e4 Nd4 25. Bxe6 fxe6 26. Rxe7 Nf3+ 27. Kg2
Nxd2 28. Rc7 Nb3 29. Rxc6 Nc5 30. Nb5 Bf8 31. Nc1 Kf7 32. Rc7+ Kf6 33. f4 exf4
34. gxf4 e5 35. Kf3 Ne6 36. Ra7 Nxf4 37. Nc3 Kg5 38. Nd5 Ne6 39. Ne2 Bh6 40.
Kg3 Ng7 41. Kh3 Nh5 42. Ra1 Bf8 43. Rg1+ Kh6 44. Rf1 Bg7 45. Kg4 Rf8 46. Rxf8
Bxf8 47. Nec3 Ng7 48. Nc7 g5 49. N3d5 Kg6 50. Nc3 Nh5 51. Ne6 Nf6+ 52. Kg3 Kf7
53. Nxg5+ Ke8 54. Nd5 Nd7 55. Nc7+ Kd8 56. Nge6+ Kc8 57. Kg4 Be7 58. Kf5 Nb6
59. Nd5 Nxd5 60. exd5 Kd7 61. Kg6 Ke8 62. Ng7+ Kd7 63. Kf7 Bh4 64. Nh5 Be1 65.
Nf6+ Kd8 66. Ke6 Bb4 67. Ne4 Kc7 68. Ke7 Ba3 69. c5 1-0

[Event "LXIV C.to Italiano"]
[Site "Montecatini Terme ITA"]
[Date "2005.02.03"]
[Round "6"]
[White "Cocchi, Andrea"]
[Black "Buchicchio, Giampaolo"]
[Result "0-1"]
[WhiteElo "2290"]
[BlackElo "2288"]
[PlyCount "172"]
[EventDate "2005.01.29"]

1. Nf3 d5 2. e3 Nf6 3. c4 c6 4. b3 Bf5 5. Bb2 Nbd7 6. Be2 h6 7. O-O e6 8. d3
Be7 9. Nbd2 O-O 10. Qc2 Bh7 11. Rfe1 b5 12. Rec1 Rc8 13. Ne5 Bd6 14. Nxd7 Nxd7
15. Nf3 Nc5 16. Rd1 a5 17. Bd4 f6 18. Qb2 Na6 19. cxb5 cxb5 20. Rac1 Qd7 21.
Rxc8 Rxc8 22. Rc1 Nb4 23. Rxc8+ Qxc8 24. Ne1 e5 25. Bc3 Nxa2 26. Bxa5 Nc1 27.
Bf3 e4 28. dxe4 dxe4 29. Bh5 Nd3 30. Qd4 Qb8 31. g3 b4 32. Nxd3 exd3 33. e4 Kf8
34. Qxd3 Ke7 35. Bf3 Bg8 36. Bd1 Bc5 37. Qd2 Be6 38. h4 Bf7 39. Kh2 Qd6 40. Qe2
Be8 41. Bc2 Qd4 42. Kg2 Kd6 43. Qe3 Qxe3 44. fxe3 Bh5 45. Kf2 Ke5 46. Bc7+ Ke6
47. Bd3 Kd7 48. Ba5 Kd6 49. Be2 Bf7 50. Bd1 h5 51. Kf3 Be8 52. Kf4 Bf7 53. Kf5
Kc6 54. e5 fxe5 55. Kxe5 Bd6+ 56. Kf5 Bxg3 57. Kg5 Bd6 58. Kf5 Be7 59. e4 Kb5
60. Bc7 Bxh4 61. Bd6 g6+ 62. Ke5 Bd8 63. Kf4 h4 64. Be2+ Ka5 65. Bd1 Bf6 66. e5
Bd8 67. Bc2 Bb6 68. Kg4 Bf2 69. Be7 Be6+ 70. Kf3 Be1 71. Bxg6 h3 72. Bd3 Bxb3
73. Ke2 Bg3 74. Be4 Bxe5 75. Kf3 Bd1+ 76. Ke3 b3 77. Ba3 Ka4 78. Bc1 Kb4 79.
Bf5 h2 80. Be4 Kc3 81. Ba3 Bc2 82. Bd5 Bf5 83. Bg2 Kc2 84. Kf2 Kd3 85. Bf1+ Kc2
86. Bg2 Bd6 0-1

[Event "LXIV C.to Italiano"]
[Site "Montecatini Terme ITA"]
[Date "2005.02.03"]
[Round "6"]
[White "Di Caro, Calogero"]
[Black "Piscopo, Pierluigi"]
[Result "1/2-1/2"]
[WhiteElo "2397"]
[BlackElo "2344"]
[PlyCount "46"]
[EventDate "2005.01.29"]

1. c4 g6 2. g3 Bg7 3. Bg2 e5 4. Nc3 Nc6 5. e4 d6 6. Nge2 Be6 7. d3 Qd7 8. Nd5
Rc8 9. O-O h5 10. h4 Bh3 11. Be3 Nh6 12. f3 f6 13. Qd2 Nf7 14. d4 Bxg2 15. Kxg2
exd4 16. Nxd4 Nfe5 17. b3 O-O 18. Rae1 Rce8 19. Nb5 Rc8 20. c5 f5 21. Bg5 fxe4
22. Rxe4 dxc5 23. f4 Qf5 1/2-1/2

[Event "LXIV C.to Italiano"]
[Site "Montecatini Terme ITA"]
[Date "2005.02.03"]
[Round "6"]
[White "Vezzosi, Paolo"]
[Black "Contin, Daniel"]
[Result "0-1"]
[WhiteElo "2366"]
[BlackElo "2371"]
[PlyCount "108"]
[EventDate "2005.01.29"]

1. d4 e6 2. c4 Nf6 3. Nf3 b6 4. e3 Bb7 5. Bd3 c5 6. Nc3 cxd4 7. exd4 Bb4 8. O-O
O-O 9. Bg5 h6 10. Bh4 Be7 11. Re1 d5 12. Bxf6 Bxf6 13. cxd5 exd5 14. Ne5 Nc6
15. Qg4 Bc8 16. Qf4 Bxe5 17. dxe5 Be6 18. Rad1 Qg5 19. Qxg5 hxg5 20. Bb5 Ne7
21. Ne2 a6 22. Ba4 b5 23. Bb3 a5 24. Nc3 a4 25. Nxd5 Nc6 26. Bc2 Bxd5 27. Rxd5
Nb4 28. Rc5 a3 29. bxa3 Rxa3 30. Bb1 Rb8 31. Re2 Rd8 32. Rd2 Raa8 33. Rxd8+
Rxd8 34. Rc1 Nc6 35. e6 fxe6 36. Kf1 Kf7 37. Ke2 Nd4+ 38. Ke3 Kf6 39. a3 Rd5
40. g4 e5 41. Rc3 Rd8 42. Ke4 Ra8 43. Kd5 Ra5 44. Kd6 Ra6+ 45. Kc5 b4 46. Rd3
Rc6+ 47. Kd5 Rc1 48. Ba2 Ra1 49. Bc4 Rxa3 50. Rxa3 bxa3 51. Kc5 Nf3 52. Kb4
Nxh2 53. Kxa3 Nxg4 54. f3 Nh2 0-1

[Event "LXIV C.to Italiano"]
[Site "Montecatini Terme ITA"]
[Date "2005.02.04"]
[Round "7"]
[White "Buchicchio, Giampaolo"]
[Black "Bruno, Fabio"]
[Result "0-1"]
[WhiteElo "2288"]
[BlackElo "2379"]
[PlyCount "80"]
[EventDate "2005.01.29"]

1. e4 c5 2. c3 Nf6 3. e5 Nd5 4. d4 cxd4 5. Nf3 e6 6. cxd4 Nc6 7. Bc4 d6 8. O-O
Be7 9. Qe2 O-O 10. Nc3 Nxc3 11. bxc3 dxe5 12. dxe5 Qc7 13. Qe4 b6 14. Bg5 Rd8
15. Rae1 Bb7 16. Bd3 g6 17. Bb1 Nd4 18. Qh4 Nxf3+ 19. gxf3 Bxg5 20. Qxg5 Qxc3
21. Re3 Qd2 22. h4 Rd4 23. Qe7 Bd5 24. h5 Qb4 25. Qc7 Rh4 26. Be4 Bxe4 27. fxe4
Rxh5 28. Rd1 Rg5+ 29. Kh2 Rf8 30. Rd8 Qc5 31. Qxc5 bxc5 32. Rxf8+ Kxf8 33. f4
Rg4 34. Rf3 Kg7 35. Kh3 h5 36. f5 Rxe4 37. f6+ Kh6 38. Ra3 g5 39. Rxa7 Kg6 40.
a4 Rxe5 0-1

[Event "LXIV C.to Italiano"]
[Site "Montecatini Terme ITA"]
[Date "2005.02.04"]
[Round "7"]
[White "Cacco, Christian"]
[Black "Vezzosi, Paolo"]
[Result "0-1"]
[WhiteElo "2282"]
[BlackElo "2366"]
[PlyCount "86"]
[EventDate "2005.01.29"]

1. d4 Nf6 2. Nf3 e6 3. c4 b6 4. g3 Ba6 5. b3 c6 6. Bg2 d5 7. Qc2 Bb4+ 8. Bd2
Be7 9. O-O O-O 10. Bc3 dxc4 11. bxc4 Bxc4 12. Ne5 Ba6 13. Rd1 Bb7 14. Nd2 Qc7
15. Rac1 Rc8 16. Bb2 c5 17. Ne4 Nfd7 18. Nd3 Na6 19. Qc3 Bf8 20. dxc5 Naxc5 21.
Nf4 Qb8 22. Qe3 Bxe4 23. Bxe4 Nxe4 24. Rxc8 Qxc8 25. Qxe4 Nc5 26. Qd4 Qc7 27.
Nh5 f6 28. Qg4 Kh8 29. Nf4 Qf7 30. Ba3 Re8 31. h4 f5 32. Qf3 e5 33. Nh3 h6 34.
Rd2 Qe6 35. Kg2 Ne4 36. Rc2 Bc5 37. Bxc5 Nxc5 38. Qh5 Kg8 39. Ng1 Rd8 40. Nf3
e4 41. Ng1 e3 42. Qf3 Rd2 43. Rc1 exf2 0-1

[Event "LXIV C.to Italiano"]
[Site "Montecatini Terme ITA"]
[Date "2005.02.04"]
[Round "7"]
[White "Contin, Daniel"]
[Black "Di Caro, Calogero"]
[Result "1-0"]
[WhiteElo "2371"]
[BlackElo "2397"]
[PlyCount "57"]
[EventDate "2005.01.29"]

1. Nf3 Nf6 2. c4 e6 3. g3 d5 4. b3 dxc4 5. bxc4 e5 6. Nc3 e4 7. Ng5 Ng8 8. h4
f5 9. d3 Bb4 10. Qb3 Nc6 11. Be3 Qf6 12. Rc1 Nh6 13. Bh3 exd3 14. O-O Bxc3 15.
Rxc3 dxe2 16. Re1 O-O 17. Bg2 Bd7 18. Rxe2 Ng4 19. Rd2 Nxe3 20. Rxe3 f4 21. Re4
Na5 22. Qd1 Bc6 23. Re6 Qc3 24. Rc2 Rad8 25. Bd5 Bxd5 26. cxd5 Qb4 27. Qd3 Qb1+
28. Kg2 f3+ 29. Kh2 1-0